000 00304nam a22001337a 4500
008 170502b xxu||||| |||| 00| 0 eng d
020 _a9780131936652
041 _aeng
080 _a343.9
100 _a14
101 _aSHJ
245 _aCRIMINOLOGY AND PUBLIC POLICY
_cGILSINAN, J.F
942 _2udc
_cBK
999 _c12383
_d12383